000 00467nam a22001097a 4500
008 150617b xxu||||| |||| 00| 0 eng d
010 _8HCCRSF:004HCCRSF:004
245 _aHIGH COURT CRIMINAL SESSION No.399 of 1969 Uganda Vs Paulo Oryang
260 _aHigh Court Kampala
500 _3(Original Criminal case No. MG.902 of 1968 in the District Court Of Gulu at Gulu Before - F.R. Kakembo,Esq., Magistrate Gr.1)
500 _3Before: The Hon. Mr. Acting Justice E.A Oteng
999 _c6307
_d6307